Les 20 villes les plus peuplées du Tarn-et-Garonne (82) - Statistiques

Statistiques générales
  • Ce quiz a été pris 46 fois
  • Le résultat moyen est 11 sur 20
Statistiques - réponses
HINT HINT ANSWER % Correct
62 487 M Montauban
97%
14 335 C Castelsarrasin
92%
13 652 M Moissac
83%
6 858 C Caussade
75%
5 287 V Valence
69%
6 657 M Montech
64%
4 206 G Grisolles
56%
3 883 B Bressols
50%
3 272 A Albias
47%
3 754 B Beaumont-de-Lomagne
47%
3 305 L La Ville-Dieu-du-Temple
47%
5 839 N Nègrepelisse
47%
2 839 L Lafrançaise
44%
4 914 V Verdun-sur-Garonne
44%
4 335 M Montbeton
42%
3 763 L Labastide-Saint-Pierre
39%
2 039 M Monclar-de-Quercy
36%
4 050 S Saint-Étienne-de-Tulmont
33%
2 287 S Saint-Nicolas-de-la-Grave
33%
2 254 S Septfonds
22%
Aucun quiz correspondant
Distribution des résultats
% des personnes avec chaque résultat
Percentile par nombre de réponses
Votre historique - résultats
Vous n’avez pas pris ce quiz